Southville International School and Colleges
Your cart is empty.
  • Cart
  • Lists
    Public lists Eva Luna New books Lux_list list_1
    Your lists Log in to create your own lists
  • Log in to your account
  • Your cookies
  • Search history
Southville International School and Colleges
  • Advanced search
  • Recent comments
  • Most popular
  • Libraries

Log in to your account

Log in with GOOGLE


If you do not have an external account, but do have a local account, you can still log in:

  1. Home
  2. MARC view: Microsoft Word, Excel and PowerPoint 2010 :
Normal view MARC view ISBD view

Microsoft Word, Excel and PowerPoint 2010 : (Record no. 300899)

[ view plain ]
MARC details
000 -LEADER
fixed length control field 00788nam a2200265Ia 4500
008 - FIXED-LENGTH DATA ELEMENTS--GENERAL INFORMATION
fixed length control field 160901s9999 xx 000 0 und d
020 ## - INTERNATIONAL STANDARD BOOK NUMBER
International Standard Book Number 978-128-5113-06-7
050 ## - LIBRARY OF CONGRESS CALL NUMBER
Classification number ComSc HF 5548.4
050 ## - LIBRARY OF CONGRESS CALL NUMBER
Item number .M525S54 2012 c.1
100 ## - MAIN ENTRY--PERSONAL NAME
Personal name Shelly, Gary B.
245 ## - TITLE STATEMENT
Title Microsoft Word, Excel and PowerPoint 2010 :
245 ## - TITLE STATEMENT
Remainder of title essential concepts and techniques /
245 ## - TITLE STATEMENT
Statement of responsibility, etc Gary B. Shelly, Misty E. Vermaat..
260 ## - PUBLICATION, DISTRIBUTION, ETC. (IMPRINT)
Place of publication, distribution, etc Singapore :
260 ## - PUBLICATION, DISTRIBUTION, ETC. (IMPRINT)
Name of publisher, distributor, etc Cengage Learning Asia Pte Ltd.,
260 ## - PUBLICATION, DISTRIBUTION, ETC. (IMPRINT)
Date of publication, distribution, etc 2012
300 ## - PHYSICAL DESCRIPTION
Extent QR 26 pages :
300 ## - PHYSICAL DESCRIPTION
Other physical details ill. ;
300 ## - PHYSICAL DESCRIPTION
Dimensions 25 cm.
440 ## - SERIES STATEMENT/ADDED ENTRY--TITLE
Title Shelly Cashman Series.
650 ## - SUBJECT ADDED ENTRY--TOPICAL TERM
Topical term or geographic name as entry element Microsoft Office.
650 ## - SUBJECT ADDED ENTRY--TOPICAL TERM
Topical term or geographic name as entry element Microsoft PowerPoint (Computer file).
650 ## - SUBJECT ADDED ENTRY--TOPICAL TERM
General subdivision Microsoft Excel (Computer file).
650 ## - SUBJECT ADDED ENTRY--TOPICAL TERM
General subdivision Microsoft Word.
Holdings
Withdrawn status Lost status Damaged status Home library Current library Shelving location Date acquired Total Checkouts Full call number Barcode Date last seen Price effective from Koha item type
      South Mansfield College South Mansfield College   11/16/2012   ComSc HF 5548.4 .M525S54 2012 c.1 SMC05771 09/01/2016 09/01/2016  

Microsoft Word, Excel and PowerPoint 2010 :

APA

Shelly G. B., .Microsoft Word, Excel and PowerPoint 2010. Singapore: .

Chicago

Shelly Gary B, .Microsoft Word, Excel and PowerPoint 2010. Singapore: .

Harvard

Shelly G. B., .Microsoft Word, Excel and PowerPoint 2010. Singapore: .

MLA

Shelly Gary B, .Singapore: . .

  • Place hold
  • Print
  • Cite
  • Add to your cart (remove)
  • Save record
    BIBTEX Dublin Core MARCXML MARC (non-Unicode/MARC-8) MARC (Unicode/UTF-8) MARC (Unicode/UTF-8, Standard) MODS (XML) RIS
  • More searches
    Search for this title in:
    Other Libraries (WorldCat) Other Databases (Google Scholar) Online Stores (Bookfinder.com) Open Library (openlibrary.org)

Exporting to Dublin Core...

SOUTHVILLE LIBRARY

Southville International School and Colleges Library

1281 Tropical Ave. Cor. Luxembourg St., BF Homes International, Las Pinas City

Tel. No. 8256374 / 252358 Loc. 117/146

Powered by Koha